000 00900nam a2200241 a 4500
001 BRCA_8042
005 20190320210116.0
008 270314s1924----ag-a######---#000-0#spa-#
041 _aspa
044 _aag
050 4 _aTK6550
_b.G84 1924
100 1 _aGuenther, Hanns
_916380
245 1 0 _aRadiotecnia
_bel reino de las ondas eléctricas
_cHanns Guenther ; traducida del alemán por Kühn de la Escosura.
260 _aBuenos Aires
_bEditora Internacional
_c1924
300 _a142 p.
_bil.
_c28 cm.
500 _aCon motivo de la exposición ´La radio en México: historia, tecnología y diseño´, el Ing. Salvador Vélez dono este ejemplar para resguardo de la biblioteca, 25 marzo, 2014
500 _aEjemplar engargolado
500 _aPor política no se presta a domicilio
650 1 4 _aRadio
_919988
700 1 _aEscosura, Kühn de la
_etr.
_919989
902 _aeng
942 _2lcc
_cB
999 _c7710
_d7710